000
00328nam a22001457a 4500
003
MACL
005
20151128115417.0
008
151128b xxu||||| |||| 00| 0 eng d
040
_c
MACL
082
_a
792/ROY
100
_a
Roy,Ratna
_9
18446
245
_a
Neo Classical Odissi Dance
650
_a
Dance
_9
18447
942
_2
ddc
_c
BK
999
_c
51222
_d
51222